| 000 | 00541nam a2200169 a 4500 | ||
|---|---|---|---|
| 001 | 000042105 | ||
| 005 | 20201002035937.0 | ||
| 008 | 131114s1960 mx a 001 0 spa d | ||
| 040 |
_aDO-SdBNP _bspa _cBNPHU |
||
| 082 |
_axxxxx _bxxxxx |
||
| 100 | 1 |
_aSadoul, Georges _969104 |
|
| 245 | 1 | 4 |
_aLas maravillas del cine / _cGeorges Sadoul ; traducción José de la Colina. |
| 260 |
_aMéxico : _bFondo de Cultura Económica, _c1960. |
||
| 300 |
_a274 p. : _bil. ; _c17 cm. |
||
| 500 | _aIncluye índices | ||
| 700 | 1 |
_aColina, José de la, _etr. _969105 |
|
| 999 |
_c41594 _d41594 |
||